00733cam a2200217 a 4500001001000000003000900010005001700019008004100036020001500077035001900092040001800111050002300129082001400152100003400166245009400200260006700294300002800361504003400389651004000423651005200463000014255DO-SdBNP20251028134445.0901226s1990 ve a b 000 0 spa  a980614967X a(DLC) 90231190 aDO-SdBNPcDLC00aF2331.B3bC37 1990 aNNbC322m1 aCartay Angulo, Rafael,d1941-10aMemoria de los orígenes : economía y sociedad en Barinas, 1786-1937 /cRafael Cartay. aCaracas :bAcademia Nacional de Ciencias Económicas,cc1990. a295 p. :bil. ;c21 cm. aBibliografía: (p. 279-295). 4aBarinas Venezuela : StatexHistory. 4aBarinas Venezuela : StatexEconomic conditions.